00293 2200133 4500001002100000008004100021035002000062245002600082100000600108250000600114260001800120084001200138990000900150INLIS000000000004191 ind  a0010-0723000676 aBuku pintar b jawac- a- a- a-bKartikac- a073 BUK a4279